Tự học các kỹ năng cơ bản Microsoft Office Word 2010 cho người mới sử dụng

Sách giúp bạn đọc làm quen với giao diện người dùng mới, tạo và định dạng tài liệu, thiết kế các kiểu trình bày trang,... và sử dụng các template, form control, XML.

Gespeichert in:
Bibliographische Detailangaben
1. Verfasser: Nguyễn, Công Minh
Format: Buch
Sprache:Undetermined
Veröffentlicht: Hà Nội Hồng Đức 2009
Schlagworte:
Tags: Tag hinzufügen
Keine Tags, Fügen Sie den ersten Tag hinzu!
Thư viện lưu trữ: Trung tâm Học liệu Trường Đại học Cần Thơ
LEADER 00932nam a2200205Ia 4500
001 CTU_153877
008 210402s9999 xx 000 0 und d
020 |c 60000 
082 |a 005.52 
082 |b M312 
100 |a Nguyễn, Công Minh 
245 0 |a Tự học các kỹ năng cơ bản Microsoft Office Word 2010 cho người mới sử dụng 
245 0 |c Nguyễn Công Minh và nhóm tin học thực dụng 
260 |a Hà Nội 
260 |b Hồng Đức 
260 |c 2009 
520 |a Sách giúp bạn đọc làm quen với giao diện người dùng mới, tạo và định dạng tài liệu, thiết kế các kiểu trình bày trang,... và sử dụng các template, form control, XML. 
650 |a Microsoft Word,Word processing,Xử lý văn bản 
904 |i Trọng Hải 
980 |a Trung tâm Học liệu Trường Đại học Cần Thơ